000 00671nam a2200205 a 4500
001 000022663
005 20200930021727.0
008 101014s1997 es 001 0 spa d
020 _a8423988104
040 _aDO-SdBNP
_bspa
_cBNPHU
082 _axxxx
_bD548p
100 1 _aDickens, Charles
_d1812-1870
_91442
245 1 0 _aPapeles póstumos del club Pickwick /
_cCharles Dickens.
260 _aMadrid, :
_bEditorial Espasa Calpe,
_c1997.
_fHuertas
300 _a791 p. ;
_c22 cm.
490 1 _aAntología de la literatura universal
563 _aVarias obras empaginadas en páginas continuas
830 0 _aAntología de la literatura universa
_946616
049 _aBNPD
999 _c22160
_d22160